Identity culture & politics-Vol. 2, no. 1 (January 2001) (Record no. 4789)
[ view plain ]
| 000 -LEADER | |
|---|---|
| fixed length control field | 00277aas a2200097 4500 |
| 008 - FIXED-LENGTH DATA ELEMENTS--GENERAL INFORMATION | |
| fixed length control field | 240222b |||||||| |||| 00| 0 eng d |
| 942 ## - ADDED ENTRY ELEMENTS (KOHA) | |
| Item Type | Periodicals |
| 245 ## - TITLE STATEMENT | |
| Title | Identity culture & politics-Vol. 2, no. 1 (January 2001) |
| 246 ## - VARYING FORM OF TITLE | |
| Title | An Afro-Asian-dialogue |
| 260 ## - PUBLICATION, DISTRIBUTION, ETC. (IMPRINT) | |
| Place of Publication | Codesria : |
| Name of Publisher | ICES, |
| Date of Copyright | 2001 |
| Withdrawn status | Lost status | Source of classification or shelving scheme | Damaged status | Not for loan | Permanent location | Current location | Date acquired | Total Checkouts | Full call number | Barcode | Date last seen | Price effective from | Koha item type |
|---|---|---|---|---|---|---|---|---|---|---|---|---|---|
| Dewey Decimal Classification | Resource center, Muslim Women's Research And Action Forum | Resource center, Muslim Women's Research And Action Forum | 2024-02-22 | 306 INT | RAF5073 | 2024-02-22 | 2024-02-22 | Periodicals |

